000 00771nam a22002175i 4500
001 172333
003 ES-MaACL
005 20231226160026.0
008 090625s1995 mx |||| | spa d
100 1 _aLópez Civeira, Francisca.
_9140850
245 1 0 _aJosé Martí, 1853-1895 :
_bla dignidad humana /
_cFrancisca López Civeira.
260 _a[Michoacán, México] :
_bUniversidad Michoacana de San Nicolás de Hidalgo,
_c[1995]
300 _a76 p. :
_bil. ;
_c21 cm.
490 1 _aLatinoamericanos ;
_v3
600 1 4 _aMartí, José,
_d1853-1895
_977189
651 4 _aCuba-
_xHistoria-
_y1810-1899.
_9148036
710 2 _aUniversidad Michoacana.
_9170991
830 1 _aLatinoamericanos ;
_v3
_9223301
852 _aES-MaACL
_j2251-F-28
999 _c172333
_d172333